Tabanidae fauna in the area of the Tisza II. river barrage /

Elmentve itt :
Bibliográfiai részletek
Szerző: Tóth S.
Dokumentumtípus: Cikk
Megjelent: 1975
Sorozat:Tiscia
Kulcsszavak:Természettudomány
Online Access:http://acta.bibl.u-szeged.hu/9750
LEADER 00579nab a2200181 i 4500
001 acta9750
005 20210323131034.0
008 161015s1975 hu o 0|| eng d
022 |a 0563-587X 
040 |a SZTE Egyetemi Kiadványok Repozitórium  |b hun 
041 |a eng 
100 1 |a Tóth S. 
245 1 0 |a Tabanidae fauna in the area of the Tisza   |h [elektronikus dokumentum] :  |b II. river barrage /  |c  Tóth S. 
260 |c 1975 
300 |a 67-76 
490 0 |a Tiscia 
695 |a Természettudomány 
856 4 0 |u http://acta.bibl.u-szeged.hu/9750/1/tiscia_010_067-076.pdf  |z Dokumentum-elérés